101 English Verbs with 101 Videos for Your iPod (Record no. 892)

MARC details
005 - DATE AND TIME OF LATEST TRANSACTION
control field 20250318102154.0
020 ## - INTERNATIONAL STANDARD BOOK NUMBER
International Standard Book Number 978-0-07-161580-8
082 ## - DEWEY DECIMAL CLASSIFICATION NUMBER
Classification number 415 RYD
100 ## - MAIN ENTRY--PERSONAL NAME
Author name RYDER, R.
245 ## - TITLE STATEMENT
Title 101 English Verbs with 101 Videos for Your iPod
260 ## - PUBLICATION, DISTRIBUTION, ETC.
Place of publication, distribution, etc. New York,
Name of publisher, distributor, etc. McGraw-Hill,
Date of publication, distribution, etc. 2010.
300 ## - PHYSICAL DESCRIPTION
Extent xviii, 108p.: picture, table
Dimensions 21cm.
700 ## - ADDED ENTRY--PERSONAL NAME
Other authors/Editors GARNICA, A.
942 ## - ADDED ENTRY ELEMENTS (KOHA)
Source of classification or shelving scheme Dewey Decimal Classification
Koha item type Books
Holdings
Date last seen Total checkouts Full call number Barcode Cost, replacement price Price effective from Koha item type Lost status Source of classification or shelving scheme Damaged status Not for loan Withdrawn status Home library Current library Shelving location Date acquired Cost, normal purchase price
03/18/2025   415 RYD 0000003568 75000.00 03/18/2025 Books   Dewey Decimal Classification       College of Business Education Main Library College of Business Education Main Library General Collection 04/25/2011 25000.00
03/18/2025   415 RYD 0000003569 75000.00 03/18/2025 Books   Dewey Decimal Classification       College of Business Education Main Library College of Business Education Main Library General Collection 04/25/2011 25000.00
05/29/2025   415 RYD 0000008777 75000.00 05/29/2025 Books   Dewey Decimal Classification       College of Business Education Main Library College of Business Education Main Library Special Reserve Collection 04/25/2011 25000.00